000 00423nam a2200181Ia 4500
005 20250423100901.0
008 250422s9999 xx 000 0 und d
020 _a9789988077662
050 _aQA 76.5 .W286/
100 _aGupta, Vikas.
245 0 _aSecret guide to computers
260 _aNew Delhi
260 _bDreamtech press
260 _c2010
300 _a404 p
650 _aMicrocomputers.
942 _cBK
999 _c34632
_d34632